| 000 | 01029nam a22002897a 4500 | ||
|---|---|---|---|
| 001 | BR7310092 | ||
| 003 | BR-BrBNA | ||
| 005 | 20230928084148.0 | ||
| 007 | ta | ||
| 008 | 230509b bl.||||| |||| 00| 0 por d | ||
| 040 |
_aBR-BrBNA _bpor _cBiblioteca Nacional de Agricultura |
||
| 041 | _a(Por) | ||
| 072 |
_aL70; L73 _b4110 |
||
| 090 | _ 4110 BR7310092 | ||
| 100 | 1 | _aLevanon, Y. | |
| 110 | 1 |
_aFundacao Universidade Federal de Ouro Preto, MG (Brasil). Escola de Farmacia e Bioquimica _0Tese (Mestre em Microbiologia e Imunologia) _95068 |
|
| 245 | 1 | _aImunizacao local: evidencias de uma reacao especifica do Ig A com um antigeno isolado de Salmonella typhimurium [Veterinaria; Salmonelose; Doenca animal] | |
| 260 | 3 |
_aOuro Preto, MG (Brasil): _c1973. |
|
| 300 | _a92 p. | ||
| 500 | _a6 graphs; 8 tables; Bibliography p. 73-92 (158 ref.); Glossary p. 72 | ||
| 650 | _aVeterinaria | ||
| 650 | _aDoenca animal | ||
| 650 | _aSalmonelose | ||
| 650 | _aImunidade | ||
| 909 |
_a202309 _bLucia _c55 _dLucia Elande |
||
| 942 | _cBK | ||
| 999 |
_c17227 _d17227 |
||